European Countries by Population Change 1960 - 2023 - Statistics

General Stats
  • This quiz has been taken 29 times
  • The average score is 8 of 11
Answer Stats
% change Country % Correct
+ 75.5% Ireland
93%
+ 53% Norway
93%
+ 39% Sweden
93%
+ 45.6% France
89%
+ 56.6% Spain
89%
+ 52% Netherlands
82%
+ 62% Switzerland
79%
+ 101% Luxembourg
68%
+ 35% Slovakia
61%
+ 75% Albania
50%
+ 42% North Macedonia
32%
No matching quizzes found
Score Distribution
Percent of People with Each Score
Percentile by Number Answered
Your Score History
You have not taken this quiz